La enseñanza de la ortografía
Saved in:
| Hovedforfatter: | |
|---|---|
| Andre forfattere: | , , , |
| Format: | Bog |
| Sprog: | spansk |
| Udgivet: |
Barcelona, España.
Graó,
2004
|
| Udgivelse: | 3a. ed |
| Serier: | Didáctica de la Lengua y de la Literatura,
199 |
| Fag: | |
| Online adgang: | Disponible Online |
| Tags: |
Tilføj Tag
Ingen Tags, Vær først til at tagge denne postø!
|
MARC
| LEADER | 00000cam a2200000 a 4500 | ||
|---|---|---|---|
| 001 | UCI5278 | ||
| 003 | CL-VaPUC | ||
| 005 | 20220423074457.0 | ||
| 008 | 080320e20040000SP |||||||||||||||||spa|d | ||
| 999 | |c 329032 |d 329030 | ||
| 020 | |a 8478270361 | ||
| 040 | |c Pontificia Universidad Católica de Valparaíso | ||
| 082 | 0 | 4 | |a 372.623 CAM 2004 |2 21 |
| 100 | 1 | |a Camps, Anna |e author |9 226 | |
| 245 | 1 | 3 | |a La enseñanza de la ortografía |
| 250 | |a 3a. ed | ||
| 260 | |a Barcelona, España. |b Graó, |c 2004 | ||
| 300 | |a 103 páginas | ||
| 490 | 0 | |a Didáctica de la Lengua y de la Literatura, |v 199 | |
| 583 | |a last modification |c 20170830 11:45:13 |k Rodrigo Vera | ||
| 650 | 0 | |a Ortografía |9 309144 | |
| 650 | 0 | |a Enseñanza del español |9 339826 | |
| 650 | 0 | |a Idioma español |9 309143 | |
| 650 | 0 | |a Educación lingüística |9 306506 | |
| 650 | 0 | |a Métodos de enseñanza |9 270413 | |
| 700 | 0 | |a Milian, Marta |9 527512 | |
| 700 | 0 | |a Bigas, Montserrat |9 527513 | |
| 700 | 0 | |a Camps, Montserrat |9 527514 | |
| 700 | 0 | |a Cabré, Pilar |9 863056 | |
| 856 | |u http://bibliografiadigital.pucv.cl.pucv.idm.oclc.org/index.php/bibliotecapucv/catalog/book/756 |y Disponible Online | ||
| 942 | |c BK |2 ddc | ||
| 945 | |d 20080320 00:00:00 |a rbrito | ||
| 952 | |0 0 |1 0 |4 0 |6 372_623000000000000_CAM_2004 |7 0 |8 A |9 413308 |a FDOPOS |b FDOPOS |d 2019-11-22 |i 4418379 |o 372.623 CAM 2004 |p 4418379 |r 2025-01-22 |w 2019-11-22 |y BK |k MLA | ||
| 952 | |0 0 |1 0 |3 erb |4 0 |6 372_623000000000000_CAM_2004 |7 0 |8 A |9 413309 |a BIBEDU |b BIBEDU |c ES_NOD |d 2019-11-22 |i 5017726 |o 372.623 CAM 2004 |p 5017726 |r 2023-08-09 |w 2019-11-22 |y BK |z Catalogado en:20131011 |k LIT | ||